Famous Germans Picture Quiz - Statistics

General Stats
  • This quiz has been taken 389 times
    36 since last reset
  • The average score is 12 of 20
Answer Stats
Picture Hint Answer % Correct
Scientist Albert Einstein
97%
Classical Composer Beethoven
97%
Politician Angela Merkel
94%
Monk Martin Luther
90%
Television Host Heidi Klum
77%
Formula 1 Pilot Michael Schumacher
74%
Story Collectors Brothers Grimm
71%
Tennis Player Steffi Graf
71%
Kaiser Wilhelm II
71%
Philosopher Friedrich Nietzsche
65%
War Criminal Joseph Goebbels
65%
Actress Marlene Dietrich
58%
Pop Singer Nena
58%
Football Player Manuel Neuer
55%
Fashion Supermodel Claudia Schiffer
52%
Writer & Poet Goethe
52%
Fighter Pilot Manfred von Richthofen
39%
Figure Skater Katarina Witt
35%
Left Wing Terrorist Ulrike Meinhof
19%
Actress Franka Potente
6%
No matching quizzes found
Score Distribution
Percent of People with Each Score
Percentile by Number Answered
Your Score History
You have not taken this quiz since the last reset